000 00598nam a22002297a 4500
003 UA-OsUOA
001 98140
007 ta
008 20130410b un ||||| |||| 00| 0 ukr d
100 _aОртенберг Д.
090 _a94(4)
_bО-70
942 _cBK
040 _aUA-OsUOA
_brus
_cUA-OsUOA
_dUA-OsUOA
245 _aГод 1942
_bрассказ-хроника
300 _a462 с.
955 _a4
041 _arus
080 _a94(4)
260 _aМ.
_bПолитиздат
_c1988
650 7 _a82 Література. Літературознавство
_2UDC
999 _c384272
_d384272